=LDR 00000nam 2200000 4500 =001 INLIS000000000028632 =005 20200213125041 =035 ##$$a 0010-061300000028632 =008 200213################g##########0#ind## =041 ##$$a Ind =082 ##$$a 153.8 =090 ##$$a 153.8, Sya t =100 ##$$a Syahmuhanis =245 1#$$a Transgendental quatient, kecerdasan diri terbaik : $b kecerdasan diri terbaik /$c Syahmuharnis =260 ##$$a Jakkaart :$b Republika,$c 2006 =300 ##$$a xxxi, 221 hlm, : $b ilus. ; $c 21 X 14 cm. =650 #4$$a Etika dan moral =850 ##$$a NBPNMAT =020 ##$$a 797-3210-73-7 =084 ##$$a 153.8 SYA t =700 #$$a Harry Sidharta =990 ##$$a 21400613/BPAP-NTB/20142014 =990 ##$$a 0001/BPAP-NTB/20142014 =990 ##$$a 30709879 =990 ##$$a 0001/BPAP-NTB/20142014 =990 ##$$a 30709877 =990 ##$$a 30709879 =990 ##$$a 09920992